Missing Word: '90s Song Titles II Quiz Stats

 Plays Quiz Updated Aug 11, 2014

Support Sporcle.
Go Orange.
Score 0/20 Timer 03:00
1 Play Today
Song Word % Correct
I'd Do Anything For Love (But I Won't Do _____)That
94.8%
My _____ Will Go OnHeart
92.8%
This Is _____ We Do ItHow
92.6%
Say You'll _____ ThereBe
92.4%
Bump N _____Grind
88.2%
I _____ It That WayWant
85.6%
____ From A RoseKiss
84%
Nothing _____ 2 UCompares
76.8%
Always Be My _____Baby
75.2%
Mama Said _____ You OutKnock
61.8%
Song Word % Correct
_____ SupernovaChampagne
59.3%
Come Out And _____ (Keep 'Em Separated)Play
50.5%
_____ HeadlightOne
46.9%
Song _____2
43.6%
Even _____Flow
41.9%
No _____Diggity
41.3%
_____ MorningEvery
39.8%
_____ (I Missed You)Stay
32.7%
_____ Blue CarsCounting
21.6%
Trippin' On A _____ In A Paper HeartHole
16.5%

Today's Daily Dose

You're not logged in!

Compare scores with friends on all Sporcle quizzes.
OR
Log In

From the Vault

Board Games: Every Other Letter

by ChargingTiger

No dictionary required. It's a game for goodness' sake!
Remove Ads.
Support Sporcle.
Get the best of Sporcle when you Go Orange. This ad-free experience offers more features, more stats, and more fun while also helping to support Sporcle. Thank you for becoming a member.

Show Comments

Extras

Top Quizzes Today


Score Distribution

Your Account Isn't Verified!

In order to create a playlist on Sporcle, you need to verify the email address you used during registration. Go to your Sporcle Settings to finish the process.

Report this User

Report this user for behavior that violates our Community Guidelines.

Details: